[Event "Sydney International Open 2007"]
[Site "Parramatta"]
[Date "2007.04.11"]
[Round "2"]
[White "Smerdon, David C"]
[Black "Atzmon-Simon, Barak"]
[Result "1-0"]
[WhiteElo "2456"]
[BlackElo "2157"]
[WhiteACF "2469"]
[BlackACF "2080"]
1.e4 d6 2.d4 Nf6 3.Nc3 g6 4.f4 Bg7 5.Nf3 O-O 6.Bd3 Na6 7.O-O c5 8.d5 Bg4 9.a3 Nc7 10.Qe1 Bxf3 11.Rxf3 e6 12.dxe6 Nxe6 13.Rh3 Nd4 14.f5 Ng4 15.Qg3 Ne5 16.Bg5 Qd7 17.Nd5 Nxd3 18.Qh4 h5 19.Ne7+ Qxe7 20.Bxe7 Nf4 21.Bxf8 Nxh3+ 22.Qxh3 Rxf8 23.Rf1 Re8 24.c3 Ne2+ 25.Kh1 Bh6 26.fxg6 fxg6 27.Qd7 Rxe4 28.Qc8+

[Event "Sydney International Open 2007"]
[Site "Parramatta"]
[Date "2007.04.11"]
[Round "2"]
[White "Ikeda, Junta"]
[Black "Johansen, Darryl K"]
[Result "0-1"]
[WhiteElo "2154"]
[BlackElo "2456"]
[WhiteACF "2164"]
[BlackACF "2467"]
1.d4 Nf6 2.c4 g6 3.Nc3 Bg7 4.e4 d6 5.f3 O-O 6.Be3 c6 7.Qd2 a6 8.O-O-O b5 9.g4 Qa5 10.Kb1 e5 11.g5 Nh5 12.dxe5 dxe5 13.Qf2 Qc7 14.Rc1 Qb7 15.Nge2 Be6 16.Ng3 Nf4 17.Qd2 Nd7 18.Bxf4 exf4 19.Qxf4 bxc4 20.Qe3 Rab8 21.Rc2 Ne5 22.f4 Nd3 23.Bxd3 Bxc3 24.Bxc4 Bxb2 25.Bb3 Bg7 26.e5 c5 27.Rxc5 Rfd8 28.Rhc1 Bf8 29.R5c3 Ba3 30.Rf1 a5 31.f5 gxf5 32.g6 hxg6 33.Nh5 Qg2 34.Nf6+ Kg7 35.Nh5+ gxh5 36.Rg1 Rd1+ 37.Rc1 Qxg1 38.Qxg1+ Rxg1 39.Rxg1+ Kh6

[Event "Sydney International Open 2007"]
[Site "Parramatta"]
[Date "2007.04.11"]
[Round "2"]
[White "Bakre, Tejas"]
[Black "Bernardino, Almario Marlon"]
[Result "1-0"]
[WhiteElo "2426"]
[BlackElo "2146"]
[WhiteACF "-"]
[BlackACF "-"]
1.e4 Nc6 2.Nf3 e6 3.d4 Nf6 4.Bd3 Nb4 5.e5 Nxd3+ 6.Qxd3 Nd5 7.O-O d6 8.c4 Nb6 9.Nc3 Be7 10.Bf4 O-O 11.Rad1 dxe5 12.Nxe5 Nd7 13.Qg3 Nf6 14.Bh6 Ne8 15.Be3 Nf6 16.Rfe1 g6 17.Bh6 Re8 18.Qf3 Bf8 19.Bg5 Be7 20.d5 exd5 21.Nxd5 Nxd5 22.Qxf7+ Kh8 23.Rxd5 Bxg5 24.Nxg6+ hxg6 25.Rxe8+ Qxe8 26.Qxe8+ Kg7 27.Rxg5 Bf5 28.Qxa8 Kf6 29.Qd8+ Ke6 30.g4 c5 31.gxf5+ gxf5 32.Qd5+ Ke7 33.Qe5+ Kd7 34.Rg7+

[Event "Sydney International Open 2007"]
[Site "Parramatta"]
[Date "2007.04.11"]
[Round "2"]
[White "Toth, Andras"]
[Black "Broekhuyse, Paul"]
[Result "1-0"]
[WhiteElo "2408"]
[BlackElo "2137"]
[WhiteACF "2430"]
[BlackACF "2135"]
1.e4 e5 2.Nf3 Nc6 3.Bb5 Nge7 4.O-O g6 5.c3 Bg7 6.d4 O-O 7.d5 Nb8 8.d6 cxd6 9.Qxd6 Nbc6 10.Na3 a6 11.Bc4 b5 12.Bb3 h6 13.Be3 Kh7 14.Rad1 f5 15.Bc2 Rf6 16.Qd2 d6 17.Bc5 dxc5 18.Qxd8 Nxd8 19.Rxd8 Rf7 20.Rfd1 Bb7 21.Rxa8 Bxa8 22.Rd7 fxe4 23.Nd2 Bc6 24.Rc7 Bd5 25.c4 bxc4 26.Naxc4 Nc6 27.Rc8 Nb4 28.Bxe4 Bxe4 29.Nxe4 Nxa2 30.Rxc5 Rd7 31.g3 Rd4 32.f3 Nc1 33.Nxe5 Rd1+ 34.Kg2 Bxe5 35.Rxe5 g5 36.Re7+ Kg8 37.Re6 Kg7 38.Rxa6 Nd3 39.Rb6 Rb1 40.Rb3 Rxb2+ 41.Rxb2 Nxb2 42.Kf2 Nc4 43.f4 gxf4 44.gxf4 Kg6 45.Kf3 Nb6 46.Ng3 Nd5 47.h3 Nf6 48.Ke3 Nd7 49.h4 Nf6 50.f5+ Kf7 51.Kd4 Ng4 52.Ne4 Nh2 53.Ke3 Ng4+ 54.Kf4 Nh2 55.Nd2 Kf6 56.Ne4+ Kf7 57.h5 Nf1 58.Nf2 Kg7 59.Ng4 Nd2 60.f6+ Kh7 61.Kf5 Nf3 62.Ke6 Ng5+ 63.Ke7 Kg8 64.Nxh6+ Kh7 65.f7 Nxf7 66.Nxf7 Kg7 67.Ke6 Kh7 68.Kf6 Kg8 69.Kg6

[Event "Sydney International Open 2007"]
[Site "Parramatta"]
[Date "2007.04.11"]
[Round "2"]
[White "Lazarus, Benjamin"]
[Black "Xie, George"]
[Result "0-1"]
[WhiteElo "2140"]
[BlackElo "2404"]
[WhiteACF "1981"]
[BlackACF "2375"]
1.e4 e6 2.d3 d5 3.Nd2 Nf6 4.Ngf3 Nc6 5.c3 a5 6.e5 Nd7 7.d4 f6 8.Bb5 fxe5 9.dxe5 Be7 10.O-O O-O 11.Re1 Qe8 12.Nf1 Qf7 13.Qc2 Nc5 14.Ng3 Bd7 15.Be3 Be8 16.h4 Qg6 17.Qxg6 Bxg6 18.h5 Bd3 19.a4 Bxb5 20.axb5 Na7 21.Nd4 a4 22.Nge2 Kf7 23.f4 c6 24.b6 Nc8 25.b4 Nd3 26.Rf1 Nxb6 27.Nxe6 Nc4 28.Nxf8 Nxe3 29.Rf3 Nc2 30.Ra2 Ndxb4 31.cxb4 Nxb4 32.Ra1 Kxf8 33.f5 d4 34.Nf4

[Event "Sydney International Open 2007"]
[Site "Parramatta"]
[Date "2007.04.11"]
[Round "2"]
[White "Ansell, Simon"]
[Black "Zvedeniouk, Ilia"]
[Result "1-0"]
[WhiteElo "2402"]
[BlackElo "2121"]
[WhiteACF "-"]
[BlackACF "2075"]
1.e4 e6 2.d3 d5 3.Nd2 Nf6 4.Ngf3 Nc6 5.c3 a5 6.e5 Nd7 7.d4 f6 8.Bb5 fxe5 9.dxe5 Be7 10.O-O O-O 11.Re1 Qe8 12.Nf1 Qf7 13.Qc2 Nc5 14.Ng3 Bd7 15.Be3 Be8 16.h4 Qg6 17.Qxg6 Bxg6 18.h5 Bd3 19.a4 Bxb5 20.axb5 Na7 21.Nd4 a4 22.Nge2 Kf7 23.f4 c6 24.b6 Nc8 25.b4 Nd3 26.Rf1 Nxb6 27.Nxe6 Nc4 28.Nxf8 Nxe3 29.Rf3 Nc2 30.Ra2 Ndxb4 31.cxb4 Nxb4 32.Ra1 Kxf8 33.f5 d4 34.Nf4 c5 35.h6 gxh6 36.f6 Bd8 37.Ne6+ Kf7 38.Nxc5 b5 39.e6+ Kg6 40.Nd7 Nd5 41.Raf1 Ne3 42.Ne5+ Kh5 43.Rf5+ Nxf5 44.Rxf5+ Kh4 45.Kh2

[Event "Sydney International Open 2007"]
[Site "Parramatta"]
[Date "2007.04.11"]
[Round "2"]
[White "Bennett, Hilton"]
[Black "Goldenberg, Igor"]
[Result "0-1"]
[WhiteElo "2134"]
[BlackElo "2388"]
[WhiteACF "1991"]
[BlackACF "2368"]
1.e4 c5 2.f4 g6 3.d3 Nc6 4.c3 d5 5.e5 h5 6.Be2 Nh6 7.Be3 d4 8.Bf2 Nf5 9.Nd2 e6 10.Ne4 Be7 11.Nf3 O-O 12.Nfg5 Nxe5 13.h4 Nd7 14.g4 hxg4 15.Bxg4 Kg7 16.Qf3 Nf6 17.h5 Nxg4 18.Qxg4 Rh8 19.Ke2 e5 20.Qg2 exf4 21.hxg6 Ng3+ 22.Bxg3 Bg4+ 23.Kd2 Bxg5 24.Rxh8 fxg3+ 25.Kc2 Qxh8 26.Rh1 Bh4 27.Nxg3 Kxg6 28.Qe4+ f5 29.Qxb7 Rf8 30.Qxa7 dxc3 31.bxc3 Ra8 32.Rxh4 Qxh4 33.Qxa8 Qh2+ 34.Kb3 Qxg3 35.Qg8+ Kh5 36.Qh7+ Kg5 37.Qe7+ Kf4 38.Qd6+ Kf3 39.Qd5+ Ke2 40.Qxc5 Qxd3 41.a4 Kd2 42.Qf2+ Be2 43.Qf4+ Kd1 44.Kb4 Qe4+ 45.Qxe4 fxe4 46.c4 e3 47.a5

[Event "Sydney International Open 2007"]
[Site "Parramatta"]
[Date "2007.04.11"]
[Round "2"]
[White "Bjelobrk, Igor"]
[Black "Oliver, Gareth"]
[Result "0-1"]
[WhiteElo "2386"]
[BlackElo "2110"]
[WhiteACF "2422"]
[BlackACF "2057"]
1.d4 Nf6 2.c4 g6 3.f3 Bg7 4.e4 d6 5.Nc3 O-O 6.Nge2 Nc6 7.Bg5 a6 8.Qd2 Re8 9.d5 Ne5 10.Ng3 c6 11.Be2 cxd5 12.cxd5 b5 13.O-O Rb8 14.Rac1 Bb7 15.Kh1 Rc8 16.Rc2 Nfd7 17.b3 Nc5 18.f4 Ned7 19.b4 Na4 20.Nxa4 bxa4 21.Rfc1 Rxc2 22.Qxc2 f6 23.Bh4 Bh6 24.Rf1 Nb6 25.Bd3 Qc8 26.Qf2 Qc7 27.Ne2 Rc8 28.Qe3 Nc4 29.Qd4 Na3 30.Bf2 Qd7 31.Qa1 Nb5 32.Rc1 Rxc1+ 33.Qxc1 f5 34.exf5 Bxd5 35.Ng3 Qc6 36.Qf1 Bxf4 37.fxg6 hxg6 38.Bxg6 Qc1 39.Qxc1 Bxc1 40.Nf5 Bxa2 41.Nxe7+ Kg7 42.Bd3 Be6 43.Nf5+ Bxf5 44.Bxf5 a3 45.Be6 Kf6 46.Bb3 Ke5 47.Kg1 Bd2 48.Kf1 Nc3 49.Bg3+ Bf4 50.Be1 Kd4 51.h4 Kd3 52.g4 Ne4 53.g5 Nxg5 54.hxg5 Bxg5 55.Kg2 Bd2 56.Bh4 Bxb4 57.Bf6 Bc3 58.Be7 Be5 59.Kf3 Kc3 60.Be6 Kb2 61.Ke4 a2 62.Bxa2 Kxa2 63.Bd8 Kb3 64.Kd3 Kb4 65.Bg5 a5 66.Bd2+ Kb5 67.Bc1 a4 68.Ba3 d5 69.Bf8 Bb2 70.Kc2 Bd4 71.Bh6 Kc4

[Event "Sydney International Open 2007"]
[Site "Parramatta"]
[Date "2007.04.11"]
[Round "2"]
[White "Chan, Jason"]
[Black "West, Guy"]
[Result "0-1"]
[WhiteElo "2099"]
[BlackElo "2368"]
[WhiteACF "2015"]
[BlackACF "2326"]
1.e4 d5 2.Nc3 dxe4 3.Nxe4 Nd7 4.Nf3 Ngf6 5.d3 e5 6.g3 Nxe4 7.dxe4 Bc5 8.Bg2 O-O 9.O-O Qe7 10.c3 a5 11.a4 f6 12.Qc2 Nb6 13.Ne1 Be6 14.Nd3 Bd6 15.b3 Nd7 16.Be3 Nc5 17.Bxc5 Bxc5 18.b4 Bb6 19.Rfd1 Rfd8 20.Bf1 Rd7 21.b5 Rad8 22.Nb2 Rxd1 23.Rxd1 Rxd1 24.Qxd1 Qc5 25.Qd2 Kf7 26.Kg2 Ke7 27.Nd1 Qa3 28.Nb2 Qa2 29.Be2 Bc5

[Event "Sydney International Open 2007"]
[Site "Parramatta"]
[Date "2007.04.11"]
[Round "2"]
[White "Sales, Jesse Noel"]
[Black "Dizdarevic, Mehmedalija"]
[Result "1-0"]
[WhiteElo "2361"]
[BlackElo "2096"]
[WhiteACF "2389"]
[BlackACF "1980"]
1.d4 Nf6 2.c4 c5 3.d5 b5 4.cxb5 a6 5.Nc3 g6 6.b6 d6 7.e4 Bg7 8.Nf3 O-O 9.Nd2 Nbd7 10.a4 Nxb6 11.a5 Nbd7 12.Nc4 Rb8 13.Bd3 Ne8 14.O-O Nc7 15.Bf4 Nb5 16.Na4 Bb7 17.Kh1 Nf6 18.Nab6 Nh5 19.Bg5 Qc7 20.f4 e6 21.Rc1 exd5 22.exd5 f6 23.Bh4 Bh6 24.Nd2 Nxf4 25.Bxb5 axb5 26.Ne4 Nh5 27.Rc3 f5 28.Ng5 Bxg5 29.Bxg5 Rbe8 30.Rcf3 Re4 31.Qd3 Rb4 32.Qe2 Qf7 33.Re3 f4 34.Re7 Qf5 35.Bh6 f3 36.Qxf3 Ng3+ 37.hxg3 Qh5+ 38.Qxh5 Rxf1+ 39.Kh2 gxh5 40.Rg7+ Kf8 41.Rxb7+ Ke8 42.a6 Rxb2 43.a7 Ra1 44.Nc4 Ra6 45.a8=Q+

[Event "Sydney International Open 2007"]
[Site "Parramatta"]
[Date "2007.04.11"]
[Round "2"]
[White "Gibbons, Robert"]
[Black "Ly, Moulthun"]
[Result "1-0"]
[WhiteElo "2077"]
[BlackElo "2322"]
[WhiteACF "2034"]
[BlackACF "2260"]
1.d4 Nf6 2.c4 e6 3.Nc3 Bb4 4.Qc2 d5 5.cxd5 exd5 6.Bg5 c5 7.e3 cxd4 8.exd4 Nc6 9.Bb5 O-O 10.Ne2 Be7 11.O-O Be6 12.a3 Rc8 13.Rfd1 a6 14.Bxc6 Rxc6 15.Nf4 Qd7 16.Nxe6 fxe6 17.Qd2 Bd6 18.Bxf6 Rxf6 19.g3 Rc8 20.f4 Rcf8 21.Rf1 Qf7 22.Qe2 b5 23.Rae1 Bb8 24.Qd3 h6 25.Qd1 Ba7 26.Ne2 Qg6 27.Qb1 Qh5 28.Kg2 g5 29.Qd3 Qf7 30.Rc1 Bb8 31.Rc6 Qg7 32.Kh1 Qb7 33.Qc2 Kh8 34.Kg2 Qg7 35.Kh1 gxf4 36.gxf4 Qf7 37.Rg1 Qh5 38.Qd3 a5 39.Qg3 Qf7 40.Rb6 Qh7 41.Rxb5 Bxf4 42.Nxf4 Rxf4 43.Qxf4

[Event "Sydney International Open 2007"]
[Site "Parramatta"]
[Date "2007.04.11"]
[Round "2"]
[White "Smirnov, Vladimir"]
[Black "Zirdum, Ivan"]
[Result "0-1"]
[WhiteElo "2319"]
[BlackElo "2061"]
[WhiteACF "2303"]
[BlackACF "2036"]
1.e4 c5 2.Nf3 Nc6 3.Bb5 g6 4.Bxc6 dxc6 5.d3 Bg7 6.h3 e5 7.Nc3 Qe7 8.Be3 Nf6 9.Qd2 O-O 10.O-O Rd8 11.Bh6 c4 12.Rad1 cxd3 13.cxd3 Nh5 14.Bxg7 Nxg7 15.Ne2 c5 16.Nh2 Nh5 17.Qe3 Be6 18.b3 a5 19.g4 Ng7 20.f4 exf4 21.Nxf4 a4 22.Rc1 b6 23.Nf3 axb3 24.axb3 Bxb3 25.d4 c4 26.Ne5 f5 27.Nd5 Rxd5 28.exd5 c3 29.Rxc3 Bxd5 30.Rfc1 Qe6 31.Qg5 Bb7 32.Nc6 fxg4 33.d5 Qd6 34.hxg4 Rf8 35.Ne7+ Kh8 36.Rh3 Rf6 37.Re1 Qc5+ 38.Kh1 Qf2 39.Rg1 Ne6 40.Qh6 Rf7 41.Nxg6+ Kg8 42.Rd1 Qe2 43.Ne7+ Rxe7 44.Qd2 Qxd2 45.Rxd2 Nf4 46.Rh6 Nxd5 47.Kh2 Rd7 48.Rb2 Kg7 49.Re6 Kf7 50.Rh6 Kg7 51.Re6 Bc8 52.Rc6 Rd8 53.Kg3 Bb7 54.Re6 Kf7 55.Rh6 Kg7 56.Re6 Rd7 57.Rb3 Ba6 58.Rb2 Bc4 59.Rc6 b5 60.Rh2 Ne7 61.Rc5 Rd3+ 62.Kf4 Ng6+ 63.Ke4 Rd7 64.Rb2 Re7+ 65.Kd4 Nf4 66.Rf5 Ne2+ 67.Kc5 Kg6 68.Rd2 Ng3 69.Rd6+ Re6 70.Rxe6+ Bxe6 71.Rf3 Ne4+ 72.Kxb5 Bxg4

[Event "Sydney International Open 2007"]
[Site "Parramatta"]
[Date "2007.04.11"]
[Round "2"]
[White "Camer, Angelito"]
[Black "Smith, Robert W"]
[Result "1-0"]
[WhiteElo "2028"]
[BlackElo "2294"]
[WhiteACF "2021"]
[BlackACF "2285"]
1.e4 c5 2.Nf3 Nc6 3.d4 cxd4 4.Nxd4 Nf6 5.Nc3 d6 6.g3 g6 7.Bg2 Bg4 8.f3 Bd7 9.Be3 Bg7 10.Qd2 O-O 11.O-O Re8 12.Nde2 a6 13.a4 Ne5 14.b3 b6 15.h3 Bc6 16.g4 Ned7 17.h4 h5 18.g5 Nh7 19.f4 Bb7 20.Rac1 Rc8 21.f5 Ne5 22.Bd4 Nf8 23.Nf4 Nc6 24.Bxg7 Kxg7 25.Ncd5 Kg8 26.Qf2 b5 27.axb5 axb5 28.fxg6 fxg6 29.Nxg6 Nxg6 30.Qf7+ Kh8 31.Qxg6 Ne5 32.Qxh5+ Kg8 33.g6

[Event "Sydney International Open 2007"]
[Site "Parramatta"]
[Date "2007.04.11"]
[Round "3"]
[White "Ansell, Simon"]
[Black "Mikhalevski, Victor"]
[Result "1-0"]
[WhiteElo "2402"]
[BlackElo "2590"]
[WhiteACF "-"]
[BlackACF "-"]
1.e4 c5 2.Nf3 e6 3.d4 cxd4 4.Nxd4 a6 5.Bd3 Qc7 6.O-O b5 7.a4 b4 8.Be3 Bb7 9.Nd2 Nf6 10.f4 Nc6 11.N4b3 Be7 12.Qf3 O-O 13.Qh3 g6 14.Rae1 h5 15.Kh1 Ng4 16.Bg1 f5 17.Nc5 Nce5 18.Nxb7 Nxd3 19.Qxd3 Qxb7 20.Nf3 Rac8 21.Nd4 Rf7 22.Rf3 h4 23.e5 Rg7 24.h3 Nh6 25.Qb3 Nf7 26.Rd3 g5 27.fxg5 Bxg5 28.Nf3 Bf4 29.Bh2 Bxh2 30.Kxh2 Rc5 31.Nxh4 Qc7 32.Rg3 Rxe5 33.Rxg7+ Kxg7 34.Qg3+ Kf6 35.Ng6 Rc5 36.Nf4 Rc4 37.Qh4+ Kg7 38.Rf1 Kf8 39.Rf2 Re4 40.Qg3 Qd6 41.h4 Ke8 42.h5 Ne5 43.Qg8+ Qf8 44.Qg5 Qh6 45.Qxh6 Ng4+ 46.Kg3 Nxh6 47.Nd3 Rc4

[Event "Sydney International Open 2007"]
[Site "Parramatta"]
[Date "2007.04.11"]
[Round "3"]
[White "Timoshenko, Georgy"]
[Black "Sales, Jesse Noel"]
[Result "*"]
[WhiteElo "2566"]
[BlackElo "2361"]
[WhiteACF "-"]
[BlackACF "2389"]
1.e4 e5 2.Nf3 Nc6 3.Bb5 a6 4.Ba4 Nf6 5.O-O b5 6.Bb3 Be7 7.a4 Rb8 8.axb5 axb5 9.Re1 d6 10.c3 O-O 11.d4 exd4 12.cxd4 Bg4 13.Be3 d5 14.e5 Ne4 15.h3 Bh5 16.g4 Bg6 17.Kh2 f5 18.exf6 Bxf6 19.Nc3 Nb4 20.Nxe4 Bxe4 21.Bd2 Nd3 22.Rxe4 Nxb2 23.Qe2 Nc4 24.Rf4 c5

[Event "Sydney International Open 2007"]
[Site "Parramatta"]
[Date "2007.04.11"]
[Round "3"]
[White "Matamoros Franco, Carlos S"]
[Black "Smirnov, Vladimir"]
[Result "1-0"]
[WhiteElo "2523"]
[BlackElo "2319"]
[WhiteACF "-"]
[BlackACF "2303"]
1.c4 e5 2.g3 Nf6 3.Bg2 c6 4.d4 d6 5.Nc3 Qc7 6.e4 Be7 7.Nf3 O-O 8.h3 a6 9.O-O b5 10.c5 Nbd7 11.cxd6 Bxd6 12.Be3 c5 13.dxe5 Nxe5 14.Nd2 Re8 15.f4 Nc6 16.e5 Bf8 17.exf6 Be6 18.f5 Bxf5 19.Rxf5 Rxe3 20.Nd5 Qxg3

[Event "Sydney International Open 2007"]
[Site "Parramatta"]
[Date "2007.04.11"]
[Round "3"]
[White "West, Guy"]
[Black "Rogers, Ian"]
[Result "0-1"]
[WhiteElo "2368"]
[BlackElo "2513"]
[WhiteACF "2326"]
[BlackACF "2621"]
1.e4 c5 2.Nc3 Nc6 3.f4 g6 4.Nf3 Bg7 5.Bb5 Nd4 6.a4 Nh6 7.d3 O-O 8.O-O f5 9.Bc4+ e6 10.Ba2 d6 11.Ng5 Kh8 12.Ne2 Nf7 13.Nxf7+ Rxf7 14.Ng3 Re7 15.c3 Nc6 16.Qf3 Bd7 17.Be3 b6 18.h4 Be8 19.h5 d5 20.hxg6 hxg6 21.exd5 exd5 22.Kf2 Bf7 23.Rh1+ Kg8 24.Rh3 Qd7 25.Rah1 Rae8 26.Nf1 d4 27.Bxf7+ Kxf7 28.Bd2 Na5 29.Rh7 Nb3 30.Rxg7+ Kxg7 31.Qh3 Re2+ 32.Kg1 Qc6 33.Qh7+ Kf6 34.Qh4+ Ke6 35.Qg5 Kd7 36.Rh7+ R8e7 37.Rxe7+ Rxe7 38.cxd4 Nxd4 39.Ne3 Nb3 40.Nc4 Nxd2 41.Nxd2 Qxa4 42.Qxg6 Qxf4 43.Nf3 Qe3+

[Event "Sydney International Open 2007"]
[Site "Parramatta"]
[Date "2007.04.11"]
[Round "3"]
[White "Bucher, Denis"]
[Black "Smerdon, David C"]
[Result "0-1"]
[WhiteElo "2315"]
[BlackElo "2456"]
[WhiteACF "-"]
[BlackACF "2469"]
1.e4 d5 2.exd5 Nf6 3.d4 Bg4 4.Be2 Bxe2 5.Qxe2 Qxd5 6.Nf3 e6 7.O-O Nc6 8.Rd1 Qh5 9.c4 O-O-O 10.Nc3 Rg8 11.Be3 g5 12.d5 g4 13.dxc6 Rxd1+ 14.Qxd1 gxf3 15.cxb7+ Kb8 16.Qd4 Bc5 17.Qxc5 Rxg2+ 18.Kf1 Qxc5 19.Bxc5 Rxh2 20.Kg1 Rg2+ 21.Kf1 Rh2 22.Kg1 Rg2+ 23.Kf1 h5 24.Rd1 Ng4 25.Rd3 Nh2+ 26.Ke1 Kxb7 27.Bd4 h4 28.Be5 Ng4 29.Bxc7 Rxf2 30.Bf4 e5 31.Rd7+ Kc6 32.Rxf7 Rg2 33.Be3 h3 34.Bxa7 h2

[Event "Sydney International Open 2007"]
[Site "Parramatta"]
[Date "2007.04.11"]
[Round "3"]
[White "Johansen, Darryl K"]
[Black "Steadman, Michael"]
[Result "*"]
[WhiteElo "2456"]
[BlackElo "2273"]
[WhiteACF "2467"]
[BlackACF "2227"]
1.Nf3 Nf6 2.c4 e6 3.g3 b6 4.Bg2 Bb7 5.O-O Be7 6.d4 O-O 7.Nc3 Na6 8.Bf4 c5 9.d5 exd5 10.cxd5 d6 11.e4 Nc7 12.a3 Re8 13.Re1 Nh5 14.Be3 g6 15.Rc1 Bf6 16.Nd2 Qd7 17.g4 Ng7 18.g5 Bd8 19.b4 f5

[Event "Sydney International Open 2007"]
[Site "Parramatta"]
[Date "2007.04.11"]
[Round "3"]
[White "Solomon, Stephen J"]
[Black "Repllinger, Marc"]
[Result "1-0"]
[WhiteElo "2430"]
[BlackElo "2239"]
[WhiteACF "2428"]
[BlackACF "-"]
1.e4 e6 2.d4 d5 3.Nd2 Nf6 4.e5 Nfd7 5.c3 c5 6.f4 Nc6 7.Ndf3 Qb6 8.a3 cxd4 9.cxd4 Be7 10.Ne2 f6 11.Nc3 O-O 12.Na4 Qd8 13.Be3 Nb6 14.Nc3 Bd7 15.Bd3 Be8 16.O-O Bh5 17.exf6 Bxf6 18.Qc2 h6 19.Ne5 Bxe5 20.fxe5 Qh4 21.g3 Qh3 22.b3 Rac8 23.Rxf8+ Rxf8 24.Rf1 Bf3 25.Rf2 Nd7 26.Qd2 Qg4 27.Bc2 Ndxe5 28.dxe5 d4 29.Qd3 Rf5 30.Nd1 Rh5 31.Bf4

[Event "Sydney International Open 2007"]
[Site "Parramatta"]
[Date "2007.04.11"]
[Round "3"]
[White "Oliver, Gareth"]
[Black "Bakre, Tejas"]
[Result "0-1"]
[WhiteElo "2110"]
[BlackElo "2426"]
[WhiteACF "2057"]
[BlackACF "-"]
1.d4 Nf6 2.c4 e6 3.Nc3 Bb4 4.e3 c5 5.Nf3 O-O 6.Bd3 d5 7.O-O Nc6 8.a3 Bxc3 9.bxc3 Qc7 10.cxd5 exd5 11.dxc5 Bg4 12.Be2 Qa5 13.Qc2 Qxc5 14.a4 Rfc8 15.Ba3 Qa5 16.Rab1 Qc7 17.Rfd1 Ne5 18.Rb3 Nxf3+ 19.Bxf3 Bxf3 20.gxf3 Qd7 21.Rd4 Qh3 22.Bd6 Qxf3 23.Rf4 Qh5 24.Rxb7 Rc6 25.Rf5 Qg6+ 26.Bg3 Rac8 27.Qd3 h5 28.e4 h4 29.e5 Rxc3

[Event "Sydney International Open 2007"]
[Site "Parramatta"]
[Date "2007.04.11"]
[Round "3"]
[White "Lane, Gary W"]
[Black "Gibbons, Robert"]
[Result "1-0"]
[WhiteElo "2421"]
[BlackElo "2077"]
[WhiteACF "2452"]
[BlackACF "2034"]
1.e4 e5 2.Nf3 Nf6 3.d4 Nxe4 4.Bd3 d5 5.Nxe5 Nd7 6.Nxd7 Bxd7 7.O-O Be6 8.Re1 Qf6 9.Bxe4 dxe4 10.Qh5 Qxd4 11.Qb5+ Qd7 12.Qxb7 Bd5 13.Qa6 Qc6 14.Qa5 Rb8 15.Rd1 Bc5 16.Nc3 Rd8 17.Nxd5 Bb6 18.Qb4 Rd6 19.Qxe4+

[Event "Sydney International Open 2007"]
[Site "Parramatta"]
[Date "2007.04.11"]
[Round "3"]
[White "Vlietstra, Marc"]
[Black "Toth, Andras"]
[Result "0-1"]
[WhiteElo "2022"]
[BlackElo "2408"]
[WhiteACF "1858"]
[BlackACF "2430"]
1.e4 c5 2.Nf3 d6 3.d4 cxd4 4.Nxd4 Nf6 5.Nc3 Nc6 6.Be2 e5 7.Nb3 a5 8.a4 Be6 9.Bg5 Be7 10.Bxf6 Bxf6 11.Nd5 Bg5 12.Bg4 O-O 13.h4 Bxh4 14.Nd2 Bg5 15.Ra3 Bxd2+ 16.Qxd2 Bxg4 17.Rg3 f5 18.f3 Nd4 19.fxg4 f4 20.Rgh3 h6 21.c3 Ne6 22.Qe2 Ng5 23.Rh5 Rc8 24.Qb5 Rf7 25.Qb3 Kf8 26.Qa3 Rc5 27.b4 Rc4 28.bxa5 Rxe4+ 29.Kf1 f3 30.gxf3 Rxf3+ 31.Kg2

[Event "Sydney International Open 2007"]
[Site "Parramatta"]
[Date "2007.04.11"]
[Round "3"]
[White "Xie, George"]
[Black "Mendes da Costa, Alex"]
[Result "1-0"]
[WhiteElo "2404"]
[BlackElo "2017"]
[WhiteACF "2375"]
[BlackACF "1925"]
1.e4 e5 2.Nf3 Nc6 3.Nc3 Nf6 4.g3 d5 5.exd5 Nxd5 6.Bg2 Bg4 7.h3 Bh5 8.O-O Be7 9.g4 Nxc3 10.bxc3 Bg6 11.Nxe5 Nxe5 12.f4 Nc6 13.f5 O-O 14.Rb1 Rb8 15.d4 Bd6 16.Qd3 Na5 17.c4 c5 18.d5 b6 19.Bb2 Qg5 20.Rbe1 Bh5 21.gxh5 Rbe8 22.f6 gxf6 23.Bxf6 Qg3 24.Qxg3+ Bxg3 25.Re4 Rxe4 26.Bxe4 Re8 27.Bd3 Be5 28.h6 Bxf6 29.Rxf6 Re7 30.Rf4 Nb7 31.Rg4+ Kh8 32.Rg7 Nd6 33.Rxh7+ Kg8 34.Rg7+ Kh8 35.Rg4 f5 36.Rg6 Ne4 37.d6 Rd7 38.Bxe4 fxe4 39.Kf2

[Event "Sydney International Open 2007"]
[Site "Parramatta"]
[Date "2007.04.11"]
[Round "3"]
[White "Shipov, Sergei"]
[Black "Illingworth, Max"]
[Result "1-0"]
[WhiteElo "2592"]
[BlackElo "2007"]
[WhiteACF "-"]
[BlackACF "1963"]
1.d4 Nf6 2.c4 g6 3.Nc3 Bg7 4.e4 d6 5.Nf3 O-O 6.Be2 e5 7.Be3 Na6 8.O-O Ng4 9.Bg5 Qe8 10.dxe5 dxe5 11.Nd2 f6 12.Bh4 h5 13.h3 Nh6 14.a3 Be6 15.b4 Rd8 16.Qc2 Nb8 17.Nb3 Nc6 18.Nd5 Rf7 19.Rad1 Kh7 20.f4 exf4 21.Rxf4 Ng8 22.Rdf1 Qf8 23.Nc5 Bc8 24.Bxh5 Ne5 25.Nd3

[Event "Sydney International Open 2007"]
[Site "Parramatta"]
[Date "2007.04.11"]
[Round "3"]
[White "Zhao, Zong-Yuan"]
[Black "Munoz, Contreras Nelson"]
[Result "1-0"]
[WhiteElo "2476"]
[BlackElo "2117"]
[WhiteACF "2537"]
[BlackACF "-"]
1.e4 c5 2.Nf3 e6 3.d4 cxd4 4.Nxd4 a6 5.c4 Nc6 6.Nc3 Bc5 7.Nxc6 bxc6 8.Bd3 Ne7 9.O-O d6 10.b3 O-O 11.Bb2 e5 12.Na4 Bd4 13.Bxd4 exd4 14.c5 dxc5 15.Nxc5 Ng6 16.f4 Qd6 17.Qc1 f6 18.Qc4+ Kh8 19.g3 Bh3 20.Rf2 a5 21.Rc1 Rfe8 22.Na4 Ne7 23.Qc5 Qxc5 24.Rxc5 g6 25.Rd2 Red8 26.Kf2 Be6 27.Bc4 Bh3 28.e5 fxe5 29.Rxe5 Nf5 30.Be6 h5 31.Nc5 Rab8 32.Ne4 h4 33.Ng5 hxg3+ 34.hxg3 Bg4 35.Nf7+ Kg7 36.Nxd8 Rxd8 37.Rxa5

[Event "Sydney International Open 2007"]
[Site "Parramatta"]
[Date "2007.04.11"]
[Round "3"]
[White "Caoili, Arianne B"]
[Black "Garbett, Paul"]
[Result "0-1"]
[WhiteElo "2153"]
[BlackElo "2313"]
[WhiteACF "2196"]
[BlackACF "2394"]
1.c4 Nf6 2.Nc3 e5 3.Nf3 d6 4.g3 c6 5.Bg2 Be7 6.O-O O-O 7.Qc2 Re8 8.a3 Bf8 9.d3 h6 10.b4 d5 11.cxd5 cxd5 12.d4 e4 13.Ne5 Re7 14.f3 exf3 15.Rxf3 Qb6 16.e3 Rc7 17.Qb3 Be6 18.Rf2 Nbd7 19.Nxd5 Bxd5 20.Bxd5 Nxe5 21.dxe5 Nxd5 22.Qxd5 Rd8 23.Qf3 Rd3 24.Bd2 Qe6 25.Rc1 Rcd7 26.Bc3 Qb3 27.Bb2 Rxe3 28.Qf5 Rd1+ 29.Rxd1 Qxd1+ 30.Rf1 Qd5 31.Qf4 Rd3 32.Rf2 a5 33.Rf1 axb4 34.axb4 Rb3 35.Bc1 Bxb4 36.h4 Rc3 37.Bd2 Rc4 38.Qf2 Bxd2 39.e6 fxe6 40.Qf7+ Kh7 41.h5 Be3+ 42.Kh2 Rc2+ 43.Kh3 Qg2+ 44.Kh4 Bg5+ 45.Kg4 Rc4+

[Event "Sydney International Open 2007"]
[Site "Parramatta"]
[Date "2007.04.11"]
[Round "3"]
[White "Smith, Robert W"]
[Black "Hornsgaard, Jens Boe"]
[Result "1-0"]
[WhiteElo "2294"]
[BlackElo "2076"]
[WhiteACF "2285"]
[BlackACF "2040"]
1.e4 e5 2.Nf3 Nc6 3.d4 exd4 4.Nxd4 Bc5 5.Nxc6 Qf6 6.Qd2 dxc6 7.Nc3 Bd7 8.Na4 Be7 9.Qe3 Nh6 10.h3 Qg6 11.g4 f6 12.Be2 Nf7 13.f4 Nd6 14.Nc5 Bc8 15.f5 Qf7 16.b3 b6 17.Nd3 Bb7 18.Bf3 O-O-O 19.Bb2 c5 20.c4 g5 21.O-O-O Rhe8 22.e5 fxe5 23.Nxe5 Qg7 24.Bxb7+ Nxb7 25.Qf3 Bf6 26.Rxd8+ Rxd8 27.Qc6 Kb8 28.Qxf6 Qxf6 29.Nd7+ Rxd7 30.Bxf6 h6 31.h4 gxh4 32.Rxh4 Rh7 33.g5 Rf7 34.g6

[Event "Sydney International Open 2007"]
[Site "Parramatta"]
[Date "2007.04.11"]
[Round "3"]
[White "Moylan, Laura A"]
[Black "Chow, Samuel"]
[Result "0-1"]
[WhiteElo "2092"]
[BlackElo "2220"]
[WhiteACF "2076"]
[BlackACF "2278"]
1.e4 e6 2.d3 c5 3.Nf3 Nc6 4.g3 g6 5.Bg2 Bg7 6.O-O Nge7 7.c3 d5 8.Nbd2 O-O 9.Qc2 b6 10.Rd1 Qc7 11.Nf1 Rd8 12.Bg5 f6 13.Be3 e5 14.c4 dxe4 15.dxe4 Nd4 16.Bxd4 cxd4 17.Ne1 Be6 18.Rac1 Bh6 19.Nd2 Rac8 20.b3 Nc6 21.Nd3 Bf8 22.Qb2 Nb4 23.Ne1 h5 24.a3 Na6 25.b4 h4 26.Bf1 hxg3 27.hxg3 Qb7 28.Ng2 Bh6 29.Bd3 Nb8 30.Rf1 Nd7 31.Qc2 Qc7 32.Qd1 Kg7 33.f4 Bh3 34.Qf3 Nf8 35.Rc2 Ne6 36.f5 Be3+ 37.Kh2 Ng5 38.Qe2 Rh8 39.Nh4 Bxd2 40.Rxd2 gxf5 41.Rxf5 Bxf5 42.exf5 e4

[Event "Sydney International Open 2007"]
[Site "Parramatta"]
[Date "2007.04.11"]
[Round "3"]
[White "Wright, Neil S"]
[Black "Camer, Angelito"]
[Result "1-0"]
[WhiteElo "2217"]
[BlackElo "2028"]
[WhiteACF "2118"]
[BlackACF "2021"]
1.d4 d5 2.c4 dxc4 3.e4 e5 4.Nf3 exd4 5.Bxc4 Bb4+ 6.Bd2 Bxd2+ 7.Nbxd2 c5 8.Qa4+ Nd7 9.e5 Kf8 10.Ne4 Qe7 11.O-O Nb6 12.Qb5 Nxc4 13.Qxc4 b6 14.a4 Be6 15.Qc2 a5 16.Nfd2 g6 17.Rae1 Kg7 18.Nc4 Rb8 19.Ncd6 Nh6 20.Ng3 Rhd8 21.Qd2 Rxd6 22.exd6 Qxd6 23.Nh5+ gxh5 24.Qg5+ Kh8 25.Qf6+ Kg8 26.Qxh6 Rd8 27.Qg5+ Kf8 28.f4 Bc4 29.Rf2 Re8 30.Rc1 d3 31.f5 h6 32.Qd2 Re4 33.f6 Ke8 34.Rf3 Qd4+ 35.Kf1 Re2 36.Re1 Kd7 37.Rxe2 dxe2+ 38.Ke1 Ke6 39.Qxd4 cxd4 40.Rf4 Ke5 41.Rh4 Ba6 42.Rxh5+ Ke4 43.Kd2 d3 44.b4 Bc4 45.bxa5 bxa5 46.Rh4+ Kd5 47.Rxh6 Kc5 48.Rh4 Kb4 49.Re4 Kb3 50.h4 Be6 51.g4 Kb2 52.h5 e1=Q+ 53.Rxe1 Bxg4 54.Re5